मुक्तवेध (Record no. 35513)
[ view plain ]
| 000 -LEADER | |
|---|---|
| fixed length control field | 00529nam a2200181Ia 4500 |
| 008 - FIXED-LENGTH DATA ELEMENTS--GENERAL INFORMATION | |
| fixed length control field | 090122s9999 xx 000 0 und d |
| 082 ## - DEWEY DECIMAL CLASSIFICATION NUMBER | |
| Item number | 11436 |
| 100 ## - MAIN ENTRY--PERSONAL NAME | |
| Personal name | शेवडे |
| Numeration | सच्चिदानंद |
| 245 ## - TITLE STATEMENT | |
| Title | मुक्तवेध |
| 260 ## - PUBLICATION, DISTRIBUTION, ETC. (IMPRINT) | |
| Name of publisher, distributor, etc | पारस |
| Date of publication, distribution, etc | 2006 |
| 300 ## - PHYSICAL DESCRIPTION | |
| Extent | 183 |
| 501 ## - WITH NOTE | |
| With note | "श्री. टिळक गिरीश, भेट" |
| 600 ## - SUBJECT ADDED ENTRY--PERSONAL NAME | |
| Personal name | शेवडे |
| 630 ## - SUBJECT ADDED ENTRY--UNIFORM TITLE | |
| Uniform title | मुक्तवेध |
| 700 ## - ADDED ENTRY--PERSONAL NAME | |
| Personal name | शेवडे |
| 730 ## - ADDED ENTRY--UNIFORM TITLE | |
| Uniform title | मुक्तवेध |
| 942 ## - ADDED ENTRY ELEMENTS (KOHA) | |
| Koha item type | Book |
| Withdrawn status | Lost status | Damaged status | Not for loan | Home library | Current library | Date acquired | Source of acquisition | Cost, normal purchase price | Total Checkouts | Full call number | Barcode | Date last seen | Copy number | Cost, replacement price | Price effective from | Koha item type |
|---|---|---|---|---|---|---|---|---|---|---|---|---|---|---|---|---|
| Dombivali Granthasangrahalaya, Dombivali | Dombivali Granthasangrahalaya, Dombivali | 01/22/2009 | "श्री. टिळक गिरीश, भेट" | 170.00 | 11436 | DOM-11436 | 01/22/2009 | 1 | 170.00 | 01/22/2009 | Book |